[Event "22nd Ruzomberok Open 2019"]
[Site "Ruzomberok"]
[Date "2019.07.04"]
[Round "6.29"]
[White "Galbavy, Dusan"]
[Black "Jakab, Stefan"]
[Result "0-1"]
[WhiteElo "1678"]
[BlackElo "1751"]
[Annotator "NA"]
[PlyCount "80"]
[EventDate "2019.06.29"]
[EventType "swiss"]
[EventCountry "SVK"]
[SourceTitle "playchess.com"]
[Source "ChessBase"]
[SourceQuality "1"]
[TimeControl "40/5400+30:1800+30"]

1. e4 {[%emt 0:04:37]} e5 {[%emt 0:02:36]} 2. f4 {[%emt 0:03:29]} d5 {[%emt 0:01:49]} 3. exd5 {[%emt 0:00:38]} exf4 {[%emt 0:03:42]} 4. Nf3 {[%emt 0:00:56]} Qxd5 {[%emt 0:02:25]} 5. Nc3 {[%emt 0:00:41]} Qh5 {[%emt 0:05:51]} 6. d4 {[%emt 0:01:42]} g5 {[%emt 0:03:02]} 7. h4 {[%emt 0:03:55]} Bd6 {[%emt 0:06:44]} 8. Nxg5 {[%emt 0:05:15]} Qxd1+ {[%emt 0:00:40]} 9. Kxd1 {[%emt 0:02:46]} h6 {[%emt 0:02:26]} 10. Nge4 {[%emt 0:02:21]} Bg4+ {[%emt 0:00:39]} 11. Be2 {[%emt 0:00:25]} Bxe2+ {[%emt 0:00:34]} 12. Nxe2 {[%emt 0:00:25]} Nc6 {[%emt 0:03:56]} 13. Nxd6+ {[%emt 0:00:46]} cxd6 {[%emt 0:00:11]} 14. Bxf4 {[%emt 0:00:36]} Kd7 {[%emt 0:01:14]} 15. c3 {[%emt 0:01:22]} Nf6 {[%emt 0:00:38]} 16. Ng3 {[%emt 0:06:58]} Rhg8 {[%emt 0:08:31]} 17. Rf1 {[%emt 0:05:27]} Nd5 {[%emt 0:01:06]} 18. Ne2 {[%emt 0:02:48]} Rxg2 {[%emt 0:03:04]} 19. Bxh6 {[%emt 0:02:15]} Re8 {[%emt 0:02:32]} 20. Nc1 {[%emt 0:15:26]} f6 {[%emt 0:03:35]} 21. Bd2 {[%emt 0:07:16]} Rh2 {[%emt 0:04:58]} 22. c4 {[%emt 0:03:44]} Ne3+ {[%emt 0:01:05]} 23. Bxe3 {[%emt 0:00:19]} Rxe3 {[%emt 0:00:04]} 24. d5 {[%emt 0:02:16]} Ne5 {[%emt 0:03:02]} 25. b3 {[%emt 0:01:16]} Nf3 {[%emt 0:01:56]} 26. Rxf3 {[%emt 0:00:36]} Rxf3 {[%emt 0:00:11]} 27. Ke1 {[%emt 0:01:11]} Rc3 {[%emt 0:01:16]} 28. Kd1 {[%emt 0:01:04]} Rg3 {[%emt 0:04:50]} 29. Ne2 {[%emt 0:00:36]} Rgg2 {[%emt 0:00:44]} 30. Kd2 {[%emt 0:01:02]} Rxe2+ {[%emt 0:00:35]} 31. Kc3 {[%emt 0:00:09]} Rxa2 {[%emt 0:01:35]} 32. Rf1 {[%emt 0:00:20]} Ke7 {[%emt 0:02:08]} 33. Re1+ {[%emt 0:00:15]} Rae2 {[%emt 0:00:51]} 34. Rg1 {[%emt 0:00:07]} Kf7 {[%emt 0:01:01]} 35. Rg4 {[%emt 0:00:10]} f5 {[%emt 0:01:57]} 36. Rg5 {[%emt 0:01:09]} Kf6 {[%emt 0:00:26]} 37. Rg8 {[%emt 0:00:06]} Rxh4 {[%emt 0:00:42]} 38. Rb8 {[%emt 0:00:26]} Rh3+ {[%emt 0:00:53]} 39. Kb4 {[%emt 0:00:07]} Rb2 {[%emt 0:00:29]} 40. Ka4 {[%emt 0:00:36]} Rbxb3 {[%emt 0:00:29]} 0-1

[Event "22nd Ruzomberok Open 2019"]
[Site "Ruzomberok"]
[Date "2019.07.04"]
[Round "6.30"]
[White "Majerova, Veronika"]
[Black "Zentko, Ladislav"]
[Result "1/2-1/2"]
[WhiteElo "1531"]
[BlackElo "1732"]
[Annotator "NA"]
[PlyCount "55"]
[EventDate "2019.06.29"]
[EventType "swiss"]
[EventCountry "SVK"]
[SourceTitle "playchess.com"]
[Source "ChessBase"]
[SourceQuality "1"]
[TimeControl "40/5400+30:1800+30"]

1. d4 {[%emt 0:00:00]} Nf6 {[%emt 0:00:00]} 2. Nf3 {[%emt 0:00:00]} d5 {[%emt 0:00:00]} 3. Bf4 {[%emt 0:00:00]} e6 {[%emt 0:00:24]} 4. e3 {[%emt 0:00:06]} b6 {[%emt 0:02:03]} 5. Bd3 {[%emt 0:00:23]} Bb7 {[%emt 0:01:05]} 6. Nbd2 {[%emt 0:00:22]} Nbd7 {[%emt 0:01:12]} 7. O-O {[%emt 0:00:29]} Be7 {[%emt 0:01:26]} 8. c3 {[%emt 0:00:15]} O-O {[%emt 0:00:25]} 9. h3 {[%emt 0:00:16]} c5 {[%emt 0:01:28]} 10. Re1 {[%emt 0:00:42]} Ne4 {[%emt 0:09:29]} 11. Ne5 {[%emt 0:03:52]} Nxe5 {[%emt 0:01:18]} 12. Bxe5 {[%emt 0:00:26]} f6 {[%emt 0:06:28]} 13. Bh2 {[%emt 0:00:11]} Bd6 {[%emt 0:04:13]} 14. Bxd6 {[%emt 0:03:18]} Qxd6 {[%emt 0:00:21]} 15. f3 {[%emt 0:08:59]} Nxd2 {[%emt 0:04:24]} 16. Qxd2 {[%emt 0:00:04]} f5 {[%emt 0:07:31]} 17. e4 {[%emt 0:04:03]} dxe4 {[%emt 0:05:41]} 18. fxe4 {[%emt 0:02:24]} cxd4 {[%emt 0:01:25]} 19. exf5 {[%emt 0:02:05]} dxc3 {[%emt 0:04:12]} 20. Qxc3 {[%emt 0:00:35]} Qg3 21. Re2 Rac8 {[%emt 0:14:50]} 22. Qb3 {[%emt 0:06:01]} Bd5 {[%emt 0:02:20]} 23. Qa3 {[%emt 0:08:09]} Qg5 {[%emt 0:04:39]} 24. fxe6 {[%emt 0:06:45]} Rc1+ {[%emt 0:04:20]} 25. Rxc1 {[%emt 0:00:18]} Qxc1+ {[%emt 0:00:05]} 26. Kh2 {[%emt 0:00:17]} Qf4+ {[%emt 0:11:41]} 27. Kg1 {[%emt 0:06:39]} Qc1+ {[%emt 0:01:01]} 28. Kh2 {[%emt 0:02:39]} 1/2-1/2

[Event "22nd Ruzomberok Open 2019"]
[Site "Ruzomberok"]
[Date "2019.07.04"]
[Round "6.31"]
[White "Zilkay, Dominik"]
[Black "Konkol, Emil"]
[Result "1-0"]
[WhiteElo "1328"]
[BlackElo "1714"]
[Annotator "NA"]
[PlyCount "79"]
[EventDate "2019.06.29"]
[EventType "swiss"]
[EventCountry "SVK"]
[SourceTitle "playchess.com"]
[Source "ChessBase"]
[SourceQuality "1"]
[TimeControl "40/5400+30:1800+30"]

1. e4 {[%emt 0:11:36]} e5 {[%emt 0:12:04]} 2. Nf3 {[%emt 0:00:47]} Nc6 {[%emt 0:00:08]} 3. d4 {[%emt 0:00:09]} exd4 {[%emt 0:00:54]} 4. Bc4 {[%emt 0:00:01]} Bb4+ {[%emt 0:00:38]} 5. c3 {[%emt 0:00:02]} dxc3 {[%emt 0:00:11]} 6. bxc3 {[%emt 0:00:23]} Be7 {[%emt 0:01:20]} 7. O-O {[%emt 0:00:05]} d6 {[%emt 0:00:29]} 8. Qb3 {[%emt 0:03:01]} Be6 {[%emt 0:04:52]} 9. Bxe6 {[%emt 0:02:03]} fxe6 10. Qxe6 Qd7 {[%emt 0:01:13]} 11. Qb3 {[%emt 0:01:49]} O-O-O {[%emt 0:00:39]} 12. Na3 {[%emt 0:01:08]} Nf6 {[%emt 0:00:44]} 13. Rb1 {[%emt 0:00:58]} b6 {[%emt 0:00:22]} 14. Qc4 {[%emt 0:04:11]} Kb7 {[%emt 0:02:08]} 15. Nc2 {[%emt 0:02:57]} d5 {[%emt 0:03:00]} 16. exd5 {[%emt 0:01:45]} Qxd5 {[%emt 0:00:24]} 17. Qa4 {[%emt 0:05:09]} Qa5 {[%emt 0:07:14]} 18. Qc4 {[%emt 0:00:45]} a6 {[%emt 0:01:25]} 19. a4 {[%emt 0:00:42]} Qf5 {[%emt 0:03:14]} 20. Rb2 {[%emt 0:02:56]} Bc5 {[%emt 0:04:35]} 21. Be3 {[%emt 0:18:22]} Bxe3 {[%emt 0:01:01]} 22. Nxe3 {[%emt 0:00:01]} Qd3 {[%emt 0:00:47]} 23. Qb3 {[%emt 0:01:56]} Na5 {[%emt 0:01:54]} 24. Qb4 {[%emt 0:00:20]} Nc6 {[%emt 0:00:30]} 25. Qb3 {[%emt 0:02:03]} a5 {[%emt 0:01:23]} 26. Rfb1 {[%emt 0:01:13]} Rhe8 {[%emt 0:01:10]} 27. Nc4 {[%emt 0:01:45]} Nd5 {[%emt 0:00:55]} 28. Rc1 {[%emt 0:03:22]} Re2 {[%emt 0:02:22]} 29. Rbb1 {[%emt 0:02:03]} Qf5 {[%emt 0:07:24]} 30. Qb5 {[%emt 0:00:54]} Nde7 {[%emt 0:02:18]} 31. Nxa5+ {[%emt 0:00:43]} Nxa5 {[%emt 0:00:22]} 32. Qxe2 {[%emt 0:00:02]} Nec6 {[%emt 0:01:25]} 33. c4 {[%emt 0:03:13]} Qd3 {[%emt 0:04:34]} 34. Qxd3 {[%emt 0:04:10]} Rxd3 {[%emt 0:01:13]} 35. c5 {[%emt 0:01:05]} Nb3 {[%emt 0:00:06]} 36. Rc2 {[%emt 0:02:11]} bxc5 {[%emt 0:01:50]} 37. Rxc5 {[%emt 0:01:20]} Ncd4 {[%emt 0:00:55]} 38. Nxd4 {[%emt 0:00:50]} Rxd4 {[%emt 0:00:06]} 39. Rxb3+ {[%emt 0:01:29]} Ka6 {[%emt 0:00:01]} 40. g3 {[%emt 0:00:39]} 1-0

[Event "22nd Ruzomberok Open 2019"]
[Site "Ruzomberok"]
[Date "2019.07.04"]
[Round "6.32"]
[White "Laurencsik, Alexander"]
[Black "Kunzo, Slavomir"]
[Result "1-0"]
[WhiteElo "1742"]
[BlackElo "1593"]
[Annotator "NA"]
[PlyCount "113"]
[EventDate "2019.06.29"]
[EventType "swiss"]
[EventCountry "SVK"]
[SourceTitle "playchess.com"]
[Source "ChessBase"]
[SourceQuality "1"]
[TimeControl "40/5400+30:1800+30"]

1. Nf3 {[%emt 0:00:00]} d5 {[%emt 0:07:05]} 2. g3 {[%emt 0:00:00]} g6 {[%emt 0:00:48]} 3. d3 {[%emt 0:00:02]} b6 {[%emt 0:01:09]} 4. Bg2 {[%emt 0:00:12]} Bb7 {[%emt 0:00:28]} 5. Nbd2 {[%emt 0:00:08]} Bg7 {[%emt 0:01:44]} 6. e4 {[%emt 0:00:30]} e5 {[%emt 0:01:45]} 7. O-O {[%emt 0:00:24]} Ne7 {[%emt 0:00:58]} 8. Re1 {[%emt 0:01:36]} d4 {[%emt 0:04:59]} 9. Nc4 {[%emt 0:02:25]} Nd7 {[%emt 0:02:01]} 10. a4 {[%emt 0:00:22]} a5 {[%emt 0:01:06]} 11. Nh4 {[%emt 0:05:22]} O-O {[%emt 0:03:48]} 12. f4 {[%emt 0:02:16]} f5 {[%emt 0:02:58]} 13. exf5 {[%emt 0:01:57]} Bxg2 {[%emt 0:01:56]} 14. Kxg2 {[%emt 0:03:48]} Nxf5 {[%emt 0:00:23]} 15. Nxf5 {[%emt 0:00:26]} Rxf5 {[%emt 0:00:41]} 16. g4 {[%emt 0:00:42]} Rf8 {[%emt 0:02:53]} 17. Qf3 {[%emt 0:13:08]} exf4 {[%emt 0:15:03]} 18. Bxf4 {[%emt 0:01:22]} Kh8 {[%emt 0:03:47]} 19. Qg3 {[%emt 0:03:07]} Rc8 {[%emt 0:04:03]} 20. Re2 {[%emt 0:04:36]} Qf6 {[%emt 0:02:49]} 21. Rf2 {[%emt 0:09:03]} Qc6+ {[%emt 0:03:51]} 22. Kg1 {[%emt 0:02:19]} Rf7 {[%emt 0:06:16]} 23. b3 {[%emt 0:04:14]} Re7 {[%emt 0:01:40]} 24. Raf1 {[%emt 0:05:01]} Qc5 {[%emt 0:06:11]} 25. h4 {[%emt 0:02:35]} Re6 {[%emt 0:03:35]} 26. Bc1 {[%emt 0:06:17]} Qd5 {[%emt 0:06:09]} 27. Qg2 {[%emt 0:00:42]} Qxg2+ {[%emt 0:01:54]} 28. Kxg2 {[%emt 0:04:41]} Rce8 {[%emt 0:01:29]} 29. Bf4 {[%emt 0:02:38]} Be5 {[%emt 0:02:42]} 30. Nxe5 {[%emt 0:03:23]} Nxe5 {[%emt 0:00:56]} 31. Bh6 {[%emt 0:04:00]} Nd7 {[%emt 0:01:05]} 32. Rf7 {[%emt 0:01:45]} Rd6 {[%emt 0:02:05]} 33. Bf4 {[%emt 0:02:35]} Rd5 {[%emt 0:01:21]} 34. Bxc7 {[%emt 0:01:23]} Ne5 {[%emt 0:00:51]} 35. Bxe5+ {[%emt 0:01:26]} Rdxe5 {[%emt 0:00:47]} 36. Rf8+ {[%emt 0:00:17]} Rxf8 {[%emt 0:01:37]} 37. Rxf8+ {[%emt 0:00:05]} Kg7 {[%emt 0:00:08]} 38. Rc8 {[%emt 0:00:09]} Re6 {[%emt 0:01:16]} 39. Rc4 {[%emt 0:00:34]} Rd6 {[%emt 0:00:27]} 40. Kf3 {[%emt 0:00:18]} Kf6 {[%emt 0:00:20]} 41. Ke4 {[%emt 0:30:21]} h5 {[%emt 0:32:17]} 42. g5+ {[%emt 0:00:14]} Ke6 {[%emt 0:00:23]} 43. Rxd4 {[%emt 0:00:17]} Rxd4+ {[%emt 0:00:06]} 44. Kxd4 {[%emt 0:00:07]} Kf5 {[%emt 0:00:20]} 45. Ke3 {[%emt 0:00:18]} Kg4 {[%emt 0:00:22]} 46. d4 {[%emt 0:00:37]} Kxh4 {[%emt 0:00:03]} 47. d5 {[%emt 0:00:21]} Kxg5 {[%emt 0:00:17]} 48. c3 {[%emt 0:04:59]} Kf6 {[%emt 0:00:00]} 49. Ke4 {[%emt 0:00:00]} Ke7 {[%emt 0:00:00]} 50. b4 {[%emt 0:00:00]} axb4 {[%emt 0:00:00]} 51. cxb4 {[%emt 0:00:00]} h4 {[%emt 0:00:00]} 52. a5 {[%emt 0:00:00]} bxa5 {[%emt 0:00:00]} 53. bxa5 {[%emt 0:00:00]} h3 {[%emt 0:00:00]} 54. Kf3 {[%emt 0:00:00]} h2 {[%emt 0:00:00]} 55. Kg2 {[%emt 0:00:00]} Kd8 {[%emt 0:00:00]} 56. a6 {[%emt 0:00:00]} Kc8 {[%emt 0:00:00]} 57. d6 {[%emt 0:00:00]} 1-0

[Event "22nd Ruzomberok Open 2019"]
[Site "Ruzomberok"]
[Date "2019.07.04"]
[Round "6.34"]
[White "Polko, Pavol"]
[Black "Malinovsky, Jozef"]
[Result "1-0"]
[WhiteElo "1638"]
[BlackElo "1715"]
[Annotator "NA"]
[PlyCount "119"]
[EventDate "2019.06.29"]
[EventType "swiss"]
[EventCountry "SVK"]
[SourceTitle "playchess.com"]
[Source "ChessBase"]
[SourceQuality "1"]
[TimeControl "40/5400+30:1800+30"]

1. h4 {[%emt 0:00:00]} Nf6 {[%emt 0:01:11]} 2. d4 {[%emt 0:01:30]} d5 {[%emt 0:00:37]} 3. Bg5 {[%emt 0:00:15]} Nbd7 {[%emt 0:01:02]} 4. Nf3 {[%emt 0:00:28]} Ne4 {[%emt 0:00:52]} 5. e3 {[%emt 0:01:12]} h6 {[%emt 0:00:44]} 6. Bf4 {[%emt 0:00:02]} e6 {[%emt 0:02:00]} 7. Bd3 {[%emt 0:01:12]} Ndf6 {[%emt 0:00:53]} 8. Bxe4 {[%emt 0:01:20]} Nxe4 {[%emt 0:00:34]} 9. Ne5 {[%emt 0:00:30]} Bd6 {[%emt 0:03:42]} 10. Qg4 {[%emt 0:02:06]} Rg8 {[%emt 0:03:57]} 11. Bxh6 {[%emt 0:01:15]} Qf6 {[%emt 0:00:51]} 12. Bf4 {[%emt 0:01:16]} Bxe5 {[%emt 0:02:53]} 13. dxe5 {[%emt 0:00:04]} Qf5 {[%emt 0:01:05]} 14. f3 {[%emt 0:01:21]} Qxg4 {[%emt 0:00:29]} 15. fxg4 {[%emt 0:00:03]} Bd7 {[%emt 0:01:14]} 16. Nd2 {[%emt 0:00:36]} Nxd2 {[%emt 0:03:38]} 17. Kxd2 {[%emt 0:00:03]} O-O-O {[%emt 0:00:06]} 18. c3 {[%emt 0:00:38]} Bb5 {[%emt 0:00:01]} 19. b3 {[%emt 0:00:54]} c5 {[%emt 0:02:54]} 20. Kc2 {[%emt 0:00:35]} Bc6 {[%emt 0:00:49]} 21. Rh2 {[%emt 0:00:41]} c4 {[%emt 0:02:09]} 22. b4 {[%emt 0:00:35]} b5 {[%emt 0:01:01]} 23. g5 {[%emt 0:00:46]} g6 {[%emt 0:00:22]} 24. g4 {[%emt 0:00:38]} Kd7 {[%emt 0:01:10]} 25. h5 {[%emt 0:00:25]} Rh8 {[%emt 0:01:08]} 26. Rd1 {[%emt 0:01:49]} Ke7 {[%emt 0:00:18]} 27. Rdd2 {[%emt 0:00:49]} Ra8 {[%emt 0:01:24]} 28. hxg6 {[%emt 0:00:13]} fxg6 {[%emt 0:00:41]} 29. Rh6 {[%emt 0:00:18]} Kf7 {[%emt 0:00:48]} 30. a3 {[%emt 0:02:21]} Kg7 {[%emt 0:01:36]} 31. Rdh2 {[%emt 0:00:47]} a6 {[%emt 0:00:23]} 32. Rf2 {[%emt 0:01:47]} Raf8 {[%emt 0:00:27]} 33. Rd2 {[%emt 0:01:17]} Rf7 {[%emt 0:01:40]} 34. Rdh2 {[%emt 0:03:11]} Rff8 {[%emt 0:00:03]} 35. Kb2 {[%emt 0:00:23]} Ra8 {[%emt 0:00:27]} 36. Ka2 {[%emt 0:01:24]} Raf8 {[%emt 0:00:43]} 37. Rd2 {[%emt 0:02:49]} Rf7 {[%emt 0:00:26]} 38. Bg3 {[%emt 0:01:45]} Rxh6 {[%emt 0:00:12]} 39. gxh6+ {[%emt 0:00:05]} Kxh6 {[%emt 0:00:13]} 40. Rg2 {[%emt 0:01:29]} g5 {[%emt 0:00:24]} 41. Rh2+ {[%emt 0:30:31]} Kg7 42. Rh5 Kg6 {[%emt 0:31:13]} 43. Rh8 {[%emt 0:00:45]} Rf3 {[%emt 0:01:12]} 44. Rc8 {[%emt 0:03:48]} Bd7 {[%emt 0:02:28]} 45. Rd8 {[%emt 0:02:16]} Rxg3 {[%emt 0:00:19]} 46. Rxd7 {[%emt 0:00:03]} Rxg4 {[%emt 0:00:06]} 47. a4 {[%emt 0:00:58]} Re4 {[%emt 0:00:22]} 48. Rd6 {[%emt 0:00:42]} Rxe5 {[%emt 0:00:02]} 49. Rxa6 {[%emt 0:00:11]} Rxe3 {[%emt 0:00:16]} 50. axb5 {[%emt 0:00:13]} Kf5 {[%emt 0:00:12]} 51. b6 {[%emt 0:00:22]} Rh3 {[%emt 0:00:09]} 52. b7 {[%emt 0:00:08]} Rh8 {[%emt 0:00:07]} 53. Ra8 {[%emt 0:00:02]} Rh2+ {[%emt 0:00:09]} 54. Ka3 {[%emt 0:03:49]} e5 {[%emt 0:01:13]} 55. b8=Q {[%emt 0:00:03]} Rh1 {[%emt 0:00:19]} 56. Qf8+ {[%emt 0:00:54]} Ke4 {[%emt 0:00:40]} 57. Ka4 {[%emt 0:00:43]} g4 {[%emt 0:01:19]} 58. Qg8 {[%emt 0:00:24]} Kd3 {[%emt 0:00:05]} 59. Qxd5+ {[%emt 0:00:39]} Kxc3 {[%emt 0:00:01]} 60. Qxh1 {[%emt 0:00:04]} 1-0

[Event "22nd Ruzomberok Open 2019"]
[Site "Ruzomberok"]
[Date "2019.07.04"]
[Round "6.35"]
[White "Staffen, Robert"]
[Black "Petrasko, Jozef"]
[Result "0-1"]
[WhiteElo "1683"]
[BlackElo "1455"]
[Annotator "NA"]
[PlyCount "42"]
[EventDate "2019.06.29"]
[EventType "swiss"]
[EventCountry "SVK"]
[SourceTitle "playchess.com"]
[Source "ChessBase"]
[SourceQuality "1"]
[TimeControl "40/5400+30:1800+30"]

1. e4 {[%emt 0:07:46]} c6 {[%emt 0:00:00]} 2. d4 {[%emt 0:00:05]} g6 {[%emt 0:00:03]} 3. c4 {[%emt 0:01:45]} d5 {[%emt 0:01:24]} 4. Nc3 {[%emt 0:00:53]} Bg7 {[%emt 0:00:26]} 5. cxd5 {[%emt 0:02:10]} cxd5 {[%emt 0:00:23]} 6. e5 {[%emt 0:00:23]} Bf5 {[%emt 0:00:53]} 7. h3 {[%emt 0:03:57]} Nc6 {[%emt 0:01:56]} 8. f4 {[%emt 0:01:01]} Nb4 {[%emt 0:03:35]} 9. Qa4+ {[%emt 0:02:31]} Nc6 {[%emt 0:00:18]} 10. Bb5 {[%emt 0:01:23]} Qd7 {[%emt 0:04:01]} 11. g4 {[%emt 0:03:12]} Be6 {[%emt 0:00:46]} 12. Nf3 {[%emt 0:08:26]} Nh6 {[%emt 0:02:37]} 13. Ng5 {[%emt 0:02:19]} O-O {[%emt 0:00:43]} 14. Bxc6 {[%emt 0:02:29]} bxc6 {[%emt 0:00:21]} 15. b3 {[%emt 0:03:23]} f6 {[%emt 0:00:24]} 16. Nxe6 {[%emt 0:04:09]} Qxe6 {[%emt 0:00:13]} 17. O-O {[%emt 0:12:49]} fxe5 {[%emt 0:00:26]} 18. dxe5 {[%emt 0:00:47]} Qd7 {[%emt 0:05:31]} 19. Ba3 {[%emt 0:03:39]} Nxg4 {[%emt 0:13:11]} 20. hxg4 {[%emt 0:00:32]} Qxg4+ {[%emt 0:00:11]} 21. Kh2 {[%emt 0:01:31]} Rf5 {[%emt 0:00:26]} 0-1

[Event "22nd Ruzomberok Open 2019"]
[Site "Ruzomberok"]
[Date "2019.07.04"]
[Round "6.37"]
[White "Cebo, Vladimir"]
[Black "Hajtmansky, Milan"]
[Result "1/2-1/2"]
[WhiteElo "1577"]
[BlackElo "1521"]
[Annotator "NA"]
[PlyCount "61"]
[EventDate "2019.06.29"]
[EventType "swiss"]
[EventCountry "SVK"]
[SourceTitle "playchess.com"]
[Source "ChessBase"]
[SourceQuality "1"]
[TimeControl "40/5400+30:1800+30"]

1. c4 {[%emt 0:00:00]} e6 {[%emt 0:00:15]} 2. Nc3 {[%emt 0:00:00]} Nf6 {[%emt 0:00:24]} 3. d4 {[%emt 0:00:20]} Bb4 {[%emt 0:00:38]} 4. Bd2 {[%emt 0:01:16]} O-O {[%emt 0:00:49]} 5. Nf3 {[%emt 0:00:23]} Re8 {[%emt 0:01:54]} 6. a3 {[%emt 0:00:11]} Bxc3 {[%emt 0:00:50]} 7. Bxc3 {[%emt 0:00:10]} b6 {[%emt 0:01:07]} 8. e3 {[%emt 0:02:38]} Bb7 {[%emt 0:00:21]} 9. Be2 {[%emt 0:00:17]} Nc6 {[%emt 0:02:54]} 10. O-O {[%emt 0:00:34]} Ne7 {[%emt 0:00:16]} 11. Rc1 {[%emt 0:01:15]} Rc8 {[%emt 0:02:59]} 12. b4 {[%emt 0:12:30]} Ng6 {[%emt 0:00:33]} 13. Qb3 {[%emt 0:01:27]} Ne4 {[%emt 0:03:47]} 14. Rcd1 {[%emt 0:06:52]} Ng5 {[%emt 0:00:31]} 15. d5 {[%emt 0:02:26]} e5 {[%emt 0:03:48]} 16. Qb2 {[%emt 0:09:08]} Nxf3+ 17. Bxf3 Qg5 {[%emt 0:03:20]} 18. g3 {[%emt 0:02:05]} Nh4 {[%emt 0:02:28]} 19. Bg2 {[%emt 0:01:38]} Nxg2 {[%emt 0:01:41]} 20. Kxg2 {[%emt 0:00:00]} e4 {[%emt 0:01:45]} 21. Bd4 {[%emt 0:06:39]} h5 {[%emt 0:01:22]} 22. Qe2 {[%emt 0:02:30]} c6 {[%emt 0:00:41]} 23. f4 {[%emt 0:01:11]} Qf5 {[%emt 0:02:01]} 24. Ba1 {[%emt 0:02:06]} cxd5 25. Qb2 f6 {[%emt 0:07:58]} 26. cxd5 {[%emt 0:00:33]} Bxd5 27. Rh1 Be6 {[%emt 0:09:09]} 28. h3 {[%emt 0:01:49]} Rc6 {[%emt 0:02:47]} 29. Rc1 {[%emt 0:00:39]} Rec8 {[%emt 0:00:28]} 30. Rxc6 {[%emt 0:00:16]} Rxc6 {[%emt 0:00:28]} 31. Qd2 1/2-1/2

[Event "22nd Ruzomberok Open 2019"]
[Site "Ruzomberok"]
[Date "2019.07.04"]
[Round "6.38"]
[White "Slyk, Piotr"]
[Black "Horbal, Michal"]
[Result "1-0"]
[WhiteElo "1082"]
[BlackElo "1121"]
[Annotator "NA"]
[PlyCount "73"]
[EventDate "2019.06.29"]
[EventType "swiss"]
[EventCountry "SVK"]
[SourceTitle "playchess.com"]
[Source "ChessBase"]
[SourceQuality "1"]
[TimeControl "40/5400+30:1800+30"]

1. e4 {[%emt 0:00:00]} e6 {[%emt 0:00:00]} 2. d3 {[%emt 0:00:00]} h6 {[%emt 0:00:19]} 3. g3 {[%emt 0:00:04]} d5 {[%emt 0:00:44]} 4. Bg2 {[%emt 0:00:16]} Nf6 {[%emt 0:01:56]} 5. exd5 {[%emt 0:00:31]} Nxd5 {[%emt 0:00:16]} 6. Nf3 {[%emt 0:00:11]} Nc6 {[%emt 0:02:33]} 7. c3 {[%emt 0:00:19]} Bd7 {[%emt 0:01:54]} 8. O-O {[%emt 0:00:16]} f5 {[%emt 0:01:17]} 9. c4 {[%emt 0:00:54]} Nf6 {[%emt 0:02:16]} 10. a3 {[%emt 0:00:49]} Qe7 {[%emt 0:01:05]} 11. Bd2 {[%emt 0:00:31]} O-O-O {[%emt 0:00:23]} 12. Bc3 {[%emt 0:02:13]} g5 {[%emt 0:01:47]} 13. Nd4 {[%emt 0:00:52]} Nxd4 {[%emt 0:00:55]} 14. Bxd4 {[%emt 0:00:29]} Bc6 {[%emt 0:02:17]} 15. Bxf6 {[%emt 0:00:54]} Qxf6 {[%emt 0:00:33]} 16. Bxc6 {[%emt 0:00:54]} bxc6 {[%emt 0:07:46]} 17. Nc3 {[%emt 0:00:18]} f4 {[%emt 0:02:01]} 18. Qf3 {[%emt 0:00:44]} Bg7 {[%emt 0:00:44]} 19. Rad1 {[%emt 0:00:36]} Qf5 {[%emt 0:00:31]} 20. Rd2 {[%emt 0:02:03]} Bxc3 {[%emt 0:00:53]} 21. bxc3 {[%emt 0:00:17]} h5 {[%emt 0:00:49]} 22. Qxc6 {[%emt 0:01:32]} Rxd3 {[%emt 0:00:51]} 23. Rxd3 {[%emt 0:00:28]} Qxd3 {[%emt 0:00:18]} 24. Qa8+ {[%emt 0:00:12]} Kd7 {[%emt 0:01:19]} 25. Qxh8 {[%emt 0:01:09]} Qxc4 {[%emt 0:00:00]} 26. Qxh5 {[%emt 0:00:27]} fxg3 {[%emt 0:00:28]} 27. hxg3 {[%emt 0:00:23]} Qxc3 {[%emt 0:00:14]} 28. Qxg5 {[%emt 0:00:25]} c5 {[%emt 0:00:40]} 29. Rc1 {[%emt 0:00:19]} Qxa3 {[%emt 0:00:14]} 30. Qxc5 {[%emt 0:00:30]} Qxc5 {[%emt 0:02:05]} 31. Rxc5 {[%emt 0:00:09]} Kd6 {[%emt 0:00:11]} 32. Ra5 {[%emt 0:00:13]} e5 {[%emt 0:00:13]} 33. Rxa7 {[%emt 0:00:11]} Ke6 {[%emt 0:00:10]} 34. Kg2 {[%emt 0:00:14]} Kf5 {[%emt 0:00:10]} 35. f3 {[%emt 0:00:20]} e4 {[%emt 0:00:15]} 36. fxe4+ {[%emt 0:00:12]} Kxe4 {[%emt 0:00:15]} 37. Rf7 {[%emt 0:00:08]} 1-0